Война была позавчера… Российское студенчество о Великой Отечественной войне (Запись № 10406683)

Подробности
000 -МАРКЕР
контрольное поле 02333nam0a2200385 i 4500
001 - ИДЕНТИФИКАТОР ЗАПИСИ
контрольное поле RU\NLR\BIBL_A\010857964
005 - ИДЕНТИФИКАТОР ВЕРСИИ
контрольное поле 20260426063014.0
010 ## - МЕЖДУНАРОДНЫЙ СТАНДАРТНЫЙ НОМЕР КНИГИ (ISBN)
Номер (ISBN) 9785799614720
Тираж 150
021 ## - НОМЕР ГОСУДАРСТВЕННОЙ РЕГИСТРАЦИИ
Код страны Российская Федерация
Номер 15-67266
035 ## - ДРУГИЕ СИСТЕМНЫЕ НОМЕРА
Идентификатор записи (NILC)RuMoRGB-008012894
035 ## - ДРУГИЕ СИСТЕМНЫЕ НОМЕРА
Идентификатор записи (NLR Aleph) 010857964
100 ## - ДАННЫЕ ОБЩЕЙ ОБРАБОТКИ
Данные общей обработки 20151008d2015 km y0rusy50 ca
101 0# - ЯЗЫК РЕСУРСА
Язык текста, звукозаписи и т.д. русский
Язык резюме английский
102 ## - СТРАНА ПУБЛИКАЦИИ ИЛИ ПРОИЗВОДСТВА
Страна публикации Российская Федерация
105 ## - ПОЛЕ КОДИРОВАННЫХ ДАННЫХ: ТЕКСТОВЫЕ МАТЕРИАЛЫ, МОНОГРАФИЧЕСКИЕ
Кодированные данные о монографическом текстовом документе ahc|z|||000yy
200 1# - ЗАГЛАВИЕ И СВЕДЕНИЯ ОБ ОТВЕТСТВЕННОСТИ
Основное заглавие Война была позавчера… Российское студенчество о Великой Отечественной войне
Сведения, относящиеся к заглавию материалы мониторинга "Современное российское студенчество о Великой Отечественной войне"
Первые сведения об ответственности Российское о-во социологов, М-во образования и науки Российской Федерации, Уральский федеральный ун-т им. первого Президента России Б.Н. Ельцина
Последующие сведения об ответственности [ред.: Ю.Р. Вишневский, д.социол.н., проф.]
210 ## - ПУБЛИКАЦИЯ, РАСПРОСТРАНЕНИЕ И ДР.
Место издания, распространения и т.д. Екатеринбург
Имя издателя, распространителя и т. д. Изд-во Уральского университета
Дата издания, распространения и т.д. 2015
215 ## - ФИЗИЧЕСКАЯ ХАРАКТЕРИСТИКА
Специфическое обозначение материала и объем 311 с.
Другие сведения о физической характеристике ил., цв. ил., портр., факс.
Размеры 29
300 ## - ОБЩИЕ ПРИМЕЧАНИЯ
Текст примечания На обл.: Весна Победы в Уральском федеральном, 70 лет
300 ## - ОБЩИЕ ПРИМЕЧАНИЯ
Текст примечания Рез. ст. на англ. яз.
320 ## - ПРИМЕЧАНИЯ О НАЛИЧИИ В ДОКУМЕНТЕ БИБЛИОГРАФИИ / УКАЗАТЕЛЯ
Текст примечания Библиогр. в подстроч. примеч.
517 1# - ДРУГИЕ ВАРИАНТЫ ЗАГЛАВИЯ
Вариант заглавия Российское студенчество о Великой Отечественной войне
606 ## - НАИМЕНОВАНИЕ ТЕМЫ КАК ПРЕДМЕТ
Наименование темы Студенты
Тематический подзаголовок Патриотическое воспитание
Географический подзаголовок Российская Федерация
Идентификатор авторитетной/нормативной записи RU\NLR\AUTH\661366286
Системный номер авторитетной/нормативной записи 2280398
675 ## - УНИВЕРСАЛЬНАЯ ДЕСЯТИЧНАЯ КЛАССИФИКАЦИЯ (UDC/УДК)
Индекс 355/359
686 1# - ИНДЕКСЫ ДРУГИХ КЛАССИФИКАЦИЙ
Индекс Ц4,6(2Р)915.24
702 #1 - ИМЯ ЛИЦА - ВТОРИЧНАЯ ОТВЕТСТВЕННОСТЬ
Начальный элемент ввода Вишневский
Часть имени, кроме начального элемента ввода Ю. Р.
Даты 1938-
Расширение инициалов личного имени Юрий Рудольфович
Код отношения Редактор
712 02 - НАИМЕНОВАНИЕ ОРГАНИЗАЦИИ - ВТОРИЧНАЯ ОТВЕТСТВЕННОСТЬ
Код отношения Прочие
Начальный элемент ввода Уральский федеральный университет им. первого Президента России Б. Н. Ельцина
Идентифицирующий признак Екатеринбург
Идентификатор авторитетной/нормативной записи RU\NLR\AUTH\8810168127
Системный номер авторитетной/нормативной записи 832088
801 #0 - ИСТОЧНИК ЗАПИСИ
Страна Российская Федерация
Организация РГБ
Дата составления 20150904
Правила каталогизации RCR
801 #1 - ИСТОЧНИК ЗАПИСИ
Страна Российская Федерация
Организация РГБ
Дата составления 20150904
Источник данных rusmarc
942 ## - ДОПОЛНИТЕЛЬНЫЕ ЭЛЕМЕНТЫ ЗАПИСИ (АБИС)
Тип экземпляра АБИС Книга
980 ## - КОЛЛЕКЦИЯ
Название коллекции НБР

Нет доступных экземпляров.